01000 a2200205 4500003000500000005001700005020001500022040000900037082001600046100002500062245006600087260003500153300001200188505026800200650003200468942002500500999001900525952012500544952012500669NUST20221121175758.0 a8178881365 cNust a515.625,TRI aTrivedi, S.D.959829 aComprehensive differential equations (Vol-2) /cS. D. Trivedi aNew DelhibDominant Pub.c2003 a170 p.: aOrdinary Simultaneous Differential Equations (Page-303), Total Differential Equations (Page-357), Integration In Series (Page-422), Partial Differential Equations Of The First Order (Page-493), Partial Differential Equations With Constant Coefficients (Page-564). aDifferential equations9688 2ddccBKk515.625,TRI c182108d182108 00102ddc4070aMCSbMCScGENd2016-12-12o515.625,TRIpMCS30721r2016-12-08w2016-12-12yBKzAlmirah No.13, Shelf No.5 00102ddc4070aMCSbMCScGENd2016-12-12o515.625,TRIpMCS30722r2016-12-08w2016-12-12yBKzAlmirah No.82, Shelf No.4